Medium term development frame work: (Record no. 9966)

MARC details
000 -LEADER
fixed length control field 00539nam a2200145 a 4500
100 1# - MAIN ENTRY--AUTHOR NAME
Personal name Planning Commission Govt Pakistan.
245 10 - TITLE STATEMENT
Title Medium term development frame work:
260 ## - PUBLICATION, DISTRIBUTION, ETC. (IMPRINT)
Place of publication Islamabd :
Name of publisher Planning Commission Govt Pakistan: Post office Foundation Press,
Year of publication 2005.
300 ## - PHYSICAL DESCRIPTION
Number of Pages 562 p.
700 1# - ADDED ENTRY--PERSONAL NAME
Personal name Tiensten, Paul.
856 40 - ELECTRONIC LOCATION AND ACCESS
Uniform Resource Identifier http://www.amazon.com/exec/obidos/ASIN/chopaconline-20
Holdings
Withdrawn status Lost status Home library Current library Date acquired Full call number Accession Number Koha item type
    Central Library, QUEST, Nawabshah Central Library, QUEST, Nawabshah 17/09/2014 PLA D503 Books